Ksie̜ga radziecka Miasta Starej Warszawy
| Titel: | Ksie̜ga radziecka Miasta Starej Warszawy / wydał Adam Wolff |
|---|---|
| Beteiligt: | |
| Veröffentlicht: | Wrocław [u.a.] : Zakład Narodowy im. Ossolińskich |
| Format: | Mehrteiliges Werk |
| Sprache: | Polnisch |
| Schriftenreihe/ mehrbändiges Werk: |
Materiały do dziejów miast polskich |
| Bände: |
alle Bände anzeigen
|
X
alg: 12754710
001A $03004:22-03-05
001B $01999:25-02-17 $t07:58:42.000
001D $03004:22-03-05
001U $0utf8
001X $00
002@ $0Acr
003@ $012754710X
003O $018043965 $aOCoLC
007A $012754710X $aHEB
007T $0Herdhh12754710X
010@ $apol
021A $aKsie̜ga radziecka Miasta Starej Warszawy $hwydał Adam Wolff
027A/01 $aRatsbuch der Warschauer Altstadt
028C $#Wolff, Adam Tadeusz $#Wolff, Adamus $7101742894 $8Wolff, Adam$Z1899-1984 [Tp1] $9137460589
033A $pWrocław {[u.a.] $nZakład Narodowy im. Ossolińskich
036G $aMateriały do dziejów miast polskich
037B $aÜbers. d. Sacht.: Ratsbuch der Warschauer Altstadt
045B $a943.802 $eDDCoclc
046C $aRatsbuch der Warschauer Altstadt $bÜbers. des Hauptsacht.
lok: 12754710 3
exp: 12754710 3 1 #EPN
201B/01 $029-11-12 $t12:09:51.000
201U/01 $0utf8
203@/01 $0657981052
208@/01 $a23-11-12 $bdummy
lok: 12754710 24
exp: 12754710 24 1 #EPN
201B/01 $022-03-05 $t20:35:20.000
203@/01 $0234595582
208@/01 $a22-03-05 $bdummy
201U/01 $0utf8
lok: 12754710 78
exp: 12754710 78 1 #EPN
201B/01 $008-11-17 $t21:42:25.000
201U/01 $0utf8
203@/01 $0799737461
208@/01 $a31-01-17 $be
209A/01 $a/ $f000 $x00
220C/01 $aAnmerkung: *11
244Z/01 $#Warschau $#Warszawa $#Warszowa $#Varšava $#Varsovia $#Varsavia $#Varšavaq $#Varsó $#Miasto Stołeczne Warszawa $#Varsovie $#Warsaw $#Varšava $#Varšuva $#Varssavi $74079048-4 $8--Tg1--Warschau $x01 $9085224332
244Z/01 $2Trx $#dzieło zbiorowe $8--Trx--Sammelwerk $x02 $9391384597
247C/01 $82080>Marburg/Lahn, Herder-Institut, Forschungsbibliothek, Bibliographieportal $9336309341
| LEADER | 00000cam a22000002ca4500 | ||
|---|---|---|---|
| 001 | 12754710X | ||
| 003 | DE-603 | ||
| 005 | 20170225075842.0 | ||
| 007 | tu | ||
| 008 | 050322s xx |||| | u00||u|pol c | ||
| 035 | |a (DE-599)HEB12754710X | ||
| 035 | |a (OCoLC)18043965 | ||
| 040 | |a DE-603 |b ger |c DE-603 |d DE-603 | ||
| 041 | |a pol | ||
| 082 | 7 | |a 943.802 |2 oc/lc | |
| 245 | 0 | 0 | |a Ksie̜ga radziecka Miasta Starej Warszawy |c wydał Adam Wolff |
| 246 | 1 | |i Übers. des Hauptsacht. |a Ratsbuch der Warschauer Altstadt | |
| 246 | 1 | 3 | |a Ratsbuch der Warschauer Altstadt |
| 264 | 1 | |a Wrocław [u.a.] |b Zakład Narodowy im. Ossolińskich | |
| 490 | 0 | |a Materiały do dziejów miast polskich | |
| 500 | |a Übers. d. Sacht.: Ratsbuch der Warschauer Altstadt | ||
| 700 | 1 | |a Wolff, Adam |d 1899-1984 |0 (DE-603)137460589 |0 (DE-588)101742894 |2 gnd | |
| 924 | 0 | |9 603 |a (DE-603)657981052 |b DE-603 |c HES |d d | |
| 924 | 0 | |9 603 |a (DE-603)234595582 |b DE-603 |c HES |d d | |
| 924 | 0 | |9 2080 |a (DE-603)799737461 |b DE-2080 |c HES |d d |g / | |


